000 00544nam a2200193Ia 4500
003 OSt
005 20240405102710.0
008 210210b1968 xxu||||| |||| 00| 0 eng d
040 _cAL
041 _aKannada
082 _a859/2310
100 _aSHIVARAMA KARANTA
_993186
_d ಶಿವರಾಮ ಕಾರಂತ
245 _aMukajjiya kanasugalu
_bಮೂಕಜ್ಜಿಯ ಕನಸುಗಳು
260 _aPutturu
_bHarsha Prakatanalaya
_c1968
300 _a302
690 _aKannada Fiction
_993189
906 _a026585
942 _2ddc
_cBK
999 _c147864
_d147864